000 00929nmm a2200277 a 4500
001 ocm0001732579
003 TR-IsHL
005 20201028171157.0
008 180224s2018 tu eng
007 cr cn
020 _a9786052259214
035 _a1732579
_b(N$T)
050 0 4 _aPR2831
_b.A1 2018
090 0 4 _aPR2831
_b.A1 2018
100 1 _aShakespeare, William
245 1 0 _aRomeo and Juliet
_h[electronic resource] /
_cWilliam Shakespeare
260 _aİstanbul :
_be-Kitap Projesi & Cheapest Books,
_c2018
300 _a202 p.
650 4 _aDil ve Edebiyat
650 4 _aLanguage and Literature
650 0 _aShakespeare, William, 1564-1616
_x Romeo and Juliet
650 0 _aİngiliz tiyatrosu
650 0 _aEnglish drama
650 7 _aDRAMA / European / English, Irish, Scottish, Welsh
_2bisacsh
856 4 0 _uhttp://search.ebscohost.com/login.aspx?direct=true&scope=site&db=e011xww&AN=1732579
999 _c16637
_d16637